01252nab a22002417a 4500999001500000003000400015005001700019008004100036040000700077100003000084245009300114260007300207300001500280500003600295505031100331505008100642650002300723650003000746650003300776650003400809773015400843942001300997 c6457d6457OSt20260205101024.0190429b xxu||||| |||| 00| 0 spa d cPJ 93063aRiquert, Marcelo A.10aDiscursos de odio, inteligencia artificial e intervención penal /cMarcelo A. Riquert. cCiudad Autónoma de Buenos Aires :aThomson Reuters La Ley, b2024. ap. 141-158 aCita: TR LALEY AR/DOC/806/2024. aSumario: I. Introducción.— II. Las fake news.— III. Los discursos de odio.— IV. Alternativas para normativizar.— V. Fake news, discursos de odio y libertad de expresión.— VI. IA al servicio de la detección/prevención y de la reproducción/multiplicación.— VII. Observaciones finales. tSi te interesa el texto completo, solicitalo a koha@justierradelfuego.gov.ar 09343aDERECHO PENAL 09278aDELITOS INFORMATICOS 096081aCIENCIA Y TECNOLOGÍA 095817aINTELIGENCIA ARTIFICIAL0 0265893164tRevista de derecho penal y criminología. Nº 4 - Mayo 2024dCiudad Autónoma de Buenos Aires : Thomson Reuters La Ley, 2017-x00347914 2udccANA